000 00287nam a22001337a 4500
008 181122b xxu||||| |||| 00| 0 eng d
020 _a0195041720
041 _aeng
080 _a371
100 _a46
101 _aEDU
245 _aComposition Research
_cLauer, J.M
942 _2udc
_cBK
999 _c52406
_d52406